Länder Europas mit einer Bevölkerung >10 Mio. - Statistiken

Allgemein
  • Dieses Quiz wurde 49 mal gespielt
  • Das Durchschnittsergebnis liegt bei 15 aus 15
Antworten auf der Karte
Die Antworten werden auf der Karte rot bzw. grün angezeigt, abhängig davon wie oft sie richtig erraten wurden.
 
Antwortstatistiken
Antwort % Korrekt
Deutschland
100%
Frankreich
100%
Polen
100%
Portugal
100%
Schweden
100%
Spanien
100%
Ukraine
100%
Vereinigtes Königreich
100%
Griechenland
98%
Italien
98%
Russland
98%
Niederlande
96%
Rumänien
96%
Tschechien
96%
Belgien
91%
Keine übereinstimmenden Quizze gefunden
Verteilung der Resultate
Anzahl Personen mit jedem Resultat
Perzentil nach korrekt beantworteten Fragen
Ihre Resultats-Entwicklung
Sie haben dieses Quiz noch nicht gespielt